[Event "Bratislava Rintel Memorial"]
[Site "Bratislava"]
[Date "2018.08.30"]
[Round "4"]
[White "Havaldova, Natalia"]
[Black "Horvath, Jan"]
[Result "0-1"]
[WhiteElo "1079"]
[BlackElo "1244"]
[PlyCount "54"]
[EventDate "2018.08.29"]
[EventType "swiss"]
[EventRounds "7"]
[EventCountry "SVK"]
[SourceTitle "CBM 186 Extra"]
[Source "ChessBase"]
[SourceDate "2018.08.24"]
[SourceVersion "1"]
[SourceVersionDate "2018.08.24"]
[SourceQuality "1"]

1. e4 e5 2. Nf3 Nc6 3. Bc4 Bc5 4. d3 Nf6 5. Nc3 0-0 6. Bg5 a6 7. 0-0 b5 8. Bd5 Bb7 9. Nxe5 Na5 10. Ng4 Be7 11. Bxb7 Nxb7 12. Nd5 Nxd5 13. Bxe7 Nxe7 14. Re1 d5 15. Re3 dxe4 16. Rg3 Nf5 17. Rh3 Nc5 18. Ne3 Nxe3 19. Qh5 h6 20. Rxe3 Qd6 21. Rd1 exd3 22. b4 Ne6 23. Rdxd3 Qe7 24. Qg4 Rad8 25. Rc3 Qxb4 26. Qxb4 Rd1+ 27. Re1 Rxe1# 0-1

[Event "SVK-ch U12"]
[Site "Liptovsky Mikulas"]
[Date "2017.04.23"]
[Round "2"]
[White "Kostolansky, Sebastian Lukas"]
[Black "Horvath, Jan"]
[Result "1-0"]
[WhiteElo "2119"]
[BlackElo "1239"]
[PlyCount "45"]
[EventDate "2017.04.22"]
[EventType "swiss"]
[EventRounds "9"]
[EventCountry "SVK"]
[SourceTitle "CBM 178 Extra"]
[Source "ChessBase"]
[SourceDate "2017.06.22"]
[SourceVersion "1"]
[SourceVersionDate "2017.06.22"]
[SourceQuality "1"]

1. e4 e5 2. Nf3 Nc6 3. Bb5 d6 4. c3 Bg4 5. d3 h6 6. Nbd2 Be7 7. h3 Bh5 8. 0-0 Nf6 9. Re1 0-0 10. Nf1 a6 11. Ba4 d5 12. Qe2 d4 13. Ng3 Bg6 14. Bxc6 bxc6 15. Nxe5 c5 16. Nxg6 fxg6 17. e5 Nd5 18. cxd4 cxd4 19. Qe4 g5 20. Nf5 Rf7 21. e6 Rf6 22. Qxd5 Bd6 23. e7+ 1-0